[Event "VIE-ch U17 Girls"]
[Site "Da Lat"]
[Date "2013.07.??"]
[Round "1"]
[White "Nguyen Thi Thanh, An"]
[Black "Hoang, Thi Hai Anh"]
[Result "1-0"]
[WhiteElo "1991"]
[BlackElo "1873"]
[PlyCount "97"]
[EventDate "2013.07.13"]
[EventType "swiss"]
[EventRounds "9"]
[EventCountry "VIE"]
[SourceTitle "EXT 2014"]
[Source "ChessBase"]
[SourceDate "2013.11.20"]
[SourceVersion "1"]
[SourceVersionDate "2013.11.20"]
[SourceQuality "1"]

1. e4 d5 2. exd5 Qxd5 3. Nc3 Qa5 4. d4 Nf6 5. Nf3 c6 6. Bd2 Qc7 7. Bd3 Bg4 8. h3 Bh5 9. Ne4 Nbd7 10. c3 e6 11. Ng3 Bg6 12. Bxg6 hxg6 13. Qe2 Bd6 14. Ne4 Nxe4 15. Qxe4 Nf6 16. Qe2 0-0-0 17. Bg5 Rh5 18. g4 Rh7 19. Bxf6 gxf6 20. 0-0-0 Be7 21. Rd3 Rd5 22. Nd2 f5 23. Re1 fxg4 24. hxg4 Bg5 25. Kb1 Bxd2 26. Qxd2 Rh2 27. c4 Rd8 28. d5 exd5 29. cxd5 Qd6 30. Qa5 Kb8 31. Ra3 Qxd5 32. Qxa7+ Kc7 33. Rb3 c5 34. Rc1 Qe4+ 35. Ka1 c4 36. Qb6+ Kc8 37. Ra3 Rd3 38. Ra8+ Kd7 39. Rd8+ Ke7 40. Qc7+ Kf6 41. Rxd3 Rxf2 42. Qd6+ Kg5 43. Rd5+ Kh4 44. Qd8+ Kg3 45. a3 Qe2 46. Qd6+ Kg2 47. Qb4 Qxg4 48. Qxb7 Rf3 49. Rd2+ 1-0

[Event "VIE-ch U17 Girls"]
[Site "Da Lat"]
[Date "2013.07.??"]
[Round "4"]
[White "Tran Thi Mong, Thu"]
[Black "Nguyen Thi Thanh, An"]
[Result "1-0"]
[WhiteElo "1855"]
[BlackElo "1991"]
[PlyCount "85"]
[EventDate "2013.07.13"]
[EventType "swiss"]
[EventRounds "9"]
[EventCountry "VIE"]
[SourceTitle "EXT 2014"]
[Source "ChessBase"]
[SourceDate "2013.11.20"]
[SourceVersion "1"]
[SourceVersionDate "2013.11.20"]
[SourceQuality "1"]

1. d4 d5 2. c4 Nf6 3. Nc3 e6 4. Bg5 Be7 5. e3 h6 6. Bh4 0-0 7. Nf3 b6 8. Bd3 Bb7 9. 0-0 Nbd7 10. Rc1 dxc4 11. Bxc4 Nh7 12. Bg3 Ndf6 13. Ne5 Ng5 14. Qe2 Nfe4 15. Nxe4 Nxe4 16. Rfd1 Bd6 17. Bf4 Bd5 18. Bxd5 exd5 19. Qg4 f5 20. Qh3 Ng5 21. Qh5 Ne6 22. Bg3 Qg5 23. Qf3 Rad8 24. Qxd5 Rfe8 25. Qb3 Kf8 26. Bh4 Qh5 27. Bxd8 Nxd8 28. f4 g5 29. fxg5 Qxg5 30. Rc6 Re7 31. e4 f4 32. Nf3 Qg4 33. e5 Rg7 34. Rd2 Be7 35. Rxc7 Ke8 36. Rxa7 h5 37. Qxb6 Qxf3 38. Rxe7+ Kxe7 39. Qf6+ Ke8 40. Qxg7 Qe3+ 41. Rf2 Qxd4 42. Qg6+ Kd7 43. Qd6+ 1-0